[Event "Manresa op 31st"]
[Site "Manresa"]
[Date "2014.10.11"]
[Round "4"]
[White "Olivares Flores, Benito"]
[Black "Lazaro Molins, Gerard"]
[Result "1-0"]
[WhiteElo "1828"]
[BlackElo "1700"]
[PlyCount "38"]
[EventDate "2014.09.20"]
[EventType "swiss"]
[EventRounds "8"]
[EventCountry "ESP"]
[SourceTitle "EXT 2016"]
[Source "ChessBase"]
[SourceDate "2015.10.08"]
[SourceVersion "1"]
[SourceVersionDate "2015.10.08"]
[SourceQuality "1"]

1. e4 e5 2. Nf3 Nc6 3. Bc4 Nf6 4. d3 Bc5 5. 0-0 0-0 6. c3 d6 7. Bg5 h6 8. Bh4 Be6 9. Bb3 g5 10. Bg3 Qd7 11. d4 exd4 12. cxd4 Bxb3 13. axb3 Bb6 14. d5 Ne5 15. Bxe5 dxe5 16. Nc3 Bd4 17. Nxd4 exd4 18. Qxd4 Kg7 19. e5 Ne8 1-0